| 000 | 00378nam a2200145Ia 4500 | ||
|---|---|---|---|
| 008 | 230917s9999||||xx |||||||||||||| ||und|| | ||
| 040 |
_e134144 _aMAIN |
||
| 041 | _aEnglish | ||
| 082 | _a658.07 A97R | ||
| 100 | _aArya, P P | ||
| 245 | 0 | _aResearch methodology in management: Theory and case studies | |
| 260 |
_aNew Delhi _bDeep & Deep _c2001 |
||
| 300 | _a650 p. | ||
| 942 | _cBK | ||
| 999 |
_c93071 _d93071 |
||